000 00261nam a2200109Ia 4500
008 200302s9999 xx 000 0 und d
100 _aFiona & Keith Baker
245 _a20th Century Furniture
260 _bCarlton Books Lid.
260 _c2000
300 _a256 P.,
999 _c2080
_d2080